• 首页
  • 本馆介绍
  • 公告通知
  • 最新文献
  • 馆藏检索
  • 电子资源
  • 读者导购
  • 参考咨询
  • 我的图书馆
  • 登录
  • 详细信息显示
  • 放入我的书架
  • 预约/预借图书
  • 作者相关作品
  • 分类相关作品
  • 丛书相关作品
  • 出版社相关作品

书目信息

  • 表格格式
  • 工作单格式
  • 卡片格式
题名:
南极洲高分辨率遥感制图研究
    
 
作者: 惠凤鸣 著
分册:  
出版信息: 北京   海洋出版社  2021.3
页数: 156页
开本: 26cm
丛书名: 全球海洋与极地治理研究丛书
单 册:
中图分类: P941.61
科图分类:
主题词: 南极--遥感技术--制图--研究
电子资源:
ISBN: 978-7-5210-0686-5
000 01483nam2 2200337 45
001 012001002413
005 20140914094635.0
010    @a978-7-5210-0686-5@dCNY168.00
100    @a20210427e20212020em y0chiy50 ea
101 0  @achi
102    @aCN@b110000
105    @aab z 000yy
106    @ar
200 1  @a南极洲高分辨率遥感制图研究@Anan ji zhou gao fen bian lv yao gan zhi tu yan jiu@f惠凤鸣等著
210    @a北京@c海洋出版社@d2021.3
215    @a156页@c地图@d26cm
225 2  @a全球海洋与极地治理研究丛书
300    @a“十三五”国家重点出版物出版规划项目
300    @a并列题名:High-resolution remote sensing mapping of Antarctica
304    @a著者还有:程晓、刘岩、康婧、李新情等
312    @a封面英文题名:High-resolution remote sensing mapping of Antarctica
330    @a本书共有7章,包括三大部分内容。第一部分(第1-2章):南极制图概况和遥感基础,阐述了南极制图历史和现状,介绍了用于南极制图的高分辨率卫星。第二部分(第3-6章):南极遥感制图,包括中国开展的南极洲ETM+高分辨率遥感影像制图、南极洲蓝冰制图、南极洲裸岩制图和南极洲地表覆盖制图。第三部分(第7章):极地遥感制图展望。
410  0 @12001 @a全球海洋与极地治理研究丛书
461  0 @12001 @a全球海洋与极地治理研究丛书
510 1  @aHigh-resolution remote sensing mapping of Antarctica@zeng
606 0  @a南极@x遥感技术@x制图@x研究
607    @a南极@x遥感技术@x制图@x研究
690    @aP941.61@v5
701  0 @a惠凤鸣@Ahui feng ming@4著
801  0 @aCN@bBJSDL@c20211011
905    @b1339629-32@dP941.61@e213@f4
    
    南极洲高分辨率遥感制图研究/惠凤鸣等著.-北京:海洋出版社,2021.3
    156页:地图;26cm.-(全球海洋与极地治理研究丛书)
    “十三五”国家重点出版物出版规划项目.-并列题名:High-resolution remote sensing mapping of Antarctica
    
    ISBN 978-7-5210-0686-5:CNY168.00
    本书共有7章,包括三大部分内容。第一部分(第1-2章):南极制图概况和遥感基础,阐述了南极制图历史和现状,介绍了用于南极制图的高分辨率卫星。第二部分(第3-6章):南极遥感制图,包括中国开展的南极洲ETM+高分辨率遥感影像制图、南极洲蓝冰制图、南极洲裸岩制图和南极洲地表覆盖制图。第三部分(第7章):极地遥感制图展望。
●
相关链接 在E读中查询图书 在五车中查询图书 在当当中查询图书 在豆瓣中查询图书


正题名:南极洲高分辨率遥感制图研究     索取号:P941.61/213         预约/预借

序号 登录号 条形码 馆藏地/架位号 状态 备注
1 1339629   213396298   第二样本阅览室/ [索取号:P941.61/213] 在馆    
2 1339630   213396305   第三借阅区/ [索取号:P941.61/213] 在馆    
3 1339631   213396314   第三借阅区/ [索取号:P941.61/213] 在馆    
4 1339632   213396323   第三借阅区/ [索取号:P941.61/213] 在馆    
唐山师范学院图书馆 欢迎您!
大连网信软件有限公司© 版权所有